The Khmer Rouge - Statistics

General Stats
  • This quiz has been taken 102 times
  • The average score is 9 of 20
Answer Stats
Hint Answer % Correct
"Brother Number 1", Infamous Dictator Pol Pot
95%
Name of Cambodia under the Khmer Rouge (majority of the time) Democratic {Kampuchea}
84%
This city, while it was evacuated of practically all its population, remained capital of the country under the regime Phnom Penh
83%
Primary Ideology of the Khmer Rouge Communism
79%
Term for the numerous mass grave/mass killing sites of the regime {Killing} Fields
79%
Conflict with this country ended the regime Vietnam
78%
The year the KR captured the capital of the country 19{75}
75%
... and the year the regime found its end 19{79}
74%
Idea that all culture had to be destroyed to start from scratch, which the regime implemented. {Year} Zero
54%
Approximately this many people, with estimates ranging from one quarter to one fifth of the country, were killed under the regime 1-3 million
53%
Now serving as a museum, Tuol Sleng was this under the Khmer Rouge Security {Prison} 21
39%
Currency in Cambodia under the Khmer Rouge None (Abolished)
30%
Everybody was forced to wear this Black Pajamas
28%
"Brother Number 2", chief ideologist Nuon Chea
23%
"Brother Number 3", foreign minister, deputy PM Ieng Sary
18%
Another term for self-sufficiency, as part of their ideology Autarky
14%
Overseer of the above, Head of the internal security branch Kang Kek Iew / Duch
13%
Best-known of these sites Choeung Ek
9%
Last stronghold of the KR in the north of the country Anlong Veng
8%
One of the last strongholds of the KR, in the west of the country Pailin
4%
No matching quizzes found
Score Distribution
Percent of People with Each Score
Percentile by Number Answered
Your Score History
You have not taken this quiz